000
00270nam a2200109Ia 4500
008
200302s9999 xx 000 0 und d
100
_a
Atellers Jean Nouvel
245
_a
Tokyo Architecture & Design
260
_b
Daab Publishing, London
260
_c
2005
300
_a
237 P
999
_c
4947
_d
4947